000
00192 a2200097 4500
020
_a
9780822578116
041
_a
spa
100
_a
Robin Nelson
245
_a
como se mueven las cosas
942
_c
BK
999
_c
1339
_d
1339